000
00240nam a2200109Ia 4500
999
_c
6377
_d
6377
020
_a
0-14-062078-8
100
_a
Charles Dickens
245
2
_a
A Tale Of Two Cities
260
_a
Canada
_b
Tata McGraw Hill
_c
2006
300
_a
253
942
_c
BK